Ladislav Chudík seriály sú kruté

Bibliographic Details
Main Authors: Bombošová, Bibiána (ain), Chudík, Ladislav, 1924-2015 (Author, uin)
Format: Article
Language:Slovak
PhysicalDescription:Fotogr.
ISSN:0139-7451
Subjects:

MARC

LEADER 00000nab a2200000 a 4500
001 vtls000849179
003 SK-MaSNL
005 20260302164442.0
008 160322c2003 xo 0 slo
015 |a SNBRB2003/10-28996 
035 |a CLN000200834 
040 |a SNKBUCL  |b slo  |c SNKBUCL  |e AACR2 
041 0 |a slo 
044 |a xo  |c SK 
080 |a 792.071.2  |2 UDC-MRF-SK2 
080 |a 791.44.071.2  |2 UDC-MRF-SK2 
080 |a 929 Chudík, Ladislav  |2 UDC-MRF-SK2 
100 1 |a Bombošová, Bibiána  |4 ain  |9 858091 
245 1 0 |a Ladislav Chudík  |b seriály sú kruté  |c [zhovárala sa] Bibiána Bombošová 
300 |b Fotogr. 
600 1 7 |a Chudík, Ladislav,  |d 1924-2015  |2 snkbucl  |9 101396 
655 7 |a články z novín a časopisov  |2 snkbucl  |9 267496 
700 1 |a Chudík, Ladislav,  |d 1924-2015  |4 aut  |4 uin  |9 101396 
773 0 |x 0139-7451  |t Eurotelevízia  |g Roč. 13, č. 42 (2003), s. 8-10 
850 |a Slovenská národná knižnica v Martine 
852 |a SNK  |b KIS3GCP 
958 |a BX 
999 |c 1386748  |d 1388678